书目信息 |
| 题名: |
潜意识与戏剧影视艺术
|
|
| 作者: | 熊殷 著 | |
| 分册: | ||
| 出版信息: | 北京 中国广播影视出版社 2016 |
|
| 页数: | 246页 | |
| 开本: | 23cm | |
| 丛书名: | ||
| 单 册: | ||
| 中图分类: | B842.7 | |
| 科图分类: | ||
| 主题词: | 下意识--Xia Yi Shi--关系--戏剧艺术 , 下意识--Xia Yi Shi--关系--影视艺术 | |
| 电子资源: | ||
| ISBN: | 978-7-5043-7685-5 | |
| 000 | 00804nam0 22002411 450 | |
| 001 | 0121113032 | |
| 005 | 20161122085820.40 | |
| 010 | @a978-7-5043-7685-5@dCNY39.80 | |
| 100 | @a20160713d2016 em y0chiy50 ea | |
| 101 | 0 | @achi |
| 102 | @aCN@b110000 | |
| 105 | @ay z 000yy | |
| 106 | @ar | |
| 200 | 1 | @a潜意识与戏剧影视艺术@AQian Yi Shi Yu Xi Ju Ying Shi Yi Shu@f熊殷著 |
| 210 | @a北京@c中国广播影视出版社@d2016 | |
| 215 | @a246页@d23cm | |
| 330 | @a本书内容包括:潜意识理论诞生前的戏剧艺术、潜意识理论诞生后的戏剧影视艺术、戏剧影视剧作解读及创作方式探析。 | |
| 606 | 0 | @a下意识@AXia Yi Shi@x关系@x戏剧艺术 |
| 606 | 0 | @a下意识@AXia Yi Shi@x关系@x影视艺术 |
| 690 | @aB842.7@v5 | |
| 701 | 0 | @a熊殷@AXiong Yin@c(女)@4著 |
| 801 | 0 | @aCN@bTANGWEI@c20161117 |
| 905 | @b0897921-5@dB842.7@e1493@f5 | |
| 潜意识与戏剧影视艺术/熊殷著 .-北京:中国广播影视出版社,2016 |
| 246页;23cm |
| ISBN 978-7-5043-7685-5:CNY39.80 |
| 本书内容包括:潜意识理论诞生前的戏剧艺术、潜意识理论诞生后的戏剧影视艺术、戏剧影视剧作解读及创作方式探析。 |
| ● |
| 相关链接 |
|
|
|
|
正题名:潜意识与戏剧影视艺术
索取号:B842.7/1493
 
预约/预借
| 序号 | 登录号 | 条形码 | 馆藏地/架位号 | 状态 | 备注 |
| 1 | 0897921 | 208979211 | 第一样本阅览室/ [索取号:B842.7/1493] | 在馆 | |
| 2 | 0897922 | 208979220 | 第一借阅区/ [索取号:B842.7/1493] | 在馆 | |
| 3 | 0897923 | 208979239 | 第一借阅区/ [索取号:B842.7/1493] | 在馆 | |
| 4 | 0897924 | 208979248 | 第一借阅区/ [索取号:B842.7/1493] | 在馆 | |
| 5 | 0897925 | 208979257 | 第一借阅区/ [索取号:B842.7/1493] | 在馆 |